000 00733nam a22002297a 4500
003 KOHA_MİRAKIL
005 20260420072430.0
008 260416b tu ||||| |||| 00| 0 tur d
020 _a9755331166
040 _aTR-AnABB
_btur
_cTR-AnABB
041 _atur
082 _a363.7
_bINA 1996
100 1 _aİnan, Ahmet
245 1 0 _aDüşten düşünceye :
_bBilim, teknoloji ve çevre üstüne /
_cAhmet İnan
250 _a1. baskı
260 _aAnkara :
_bİmge Kitabevi,
_c1996
300 _a198 sayfa ;
_c20 cm
500 _aKitap içerisinde Prof. Dr. Ruşen Keleş'in satır altı çizimleri ve vurguları mevcuttur
650 0 4 _aÇevre sorunları
900 _bCan ÇELIK
942 _2ddc
_cBK
999 _c10281
_d10281